Đột phá sức sáng tạo : Bí mật của những thiên tài sáng tạo = Cracking creativity : The secrets of creative genius

שמור ב:
מידע ביבליוגרפי
מחבר ראשי: Michalko, Michael
פורמט: ספר
שפה:Undetermined
יצא לאור: Hà Nội Tri Thức 2007
נושאים:
תגים: הוספת תג
אין תגיות, היה/י הראשונ/ה לתייג את הרשומה!
Thư viện lưu trữ: Trung tâm Học liệu Trường Đại học Cần Thơ
LEADER 00695nam a2200205Ia 4500
001 CTU_128797
008 210402s9999 xx 000 0 und d
020 |c 49000 
082 |a 153.35 
082 |b M621 
100 |a Michalko, Michael 
245 0 |a Đột phá sức sáng tạo : Bí mật của những thiên tài sáng tạo = 
245 0 |b Cracking creativity : The secrets of creative genius 
245 0 |c Michael Michalko; Mai Hạnh và Quỳnh Chi biên dịch 
260 |a Hà Nội 
260 |b Tri Thức 
260 |c 2007 
650 |a Creative thinking.,Creative ability. 
904 |i Minh 
980 |a Trung tâm Học liệu Trường Đại học Cần Thơ